[Event "4NCL Division 4 South"]
[Site "Telford, ENG"]
[Date "2018.02.11"]
[Round "6.54"]
[White "Watson, Jacob"]
[Black "Sivarajasingam, Shayanna"]
[Result "1-0"]
[WhiteElo "1982"]
[BlackElo "1724"]
[PlyCount "77"]
[EventDate "2018.02.11"]

1. e4 e6 2. d4 d5 3. exd5 exd5 4. Nf3 Bd6 5. Bd3 Nc6 6. c3 Nge7 7. Qc2 Bg4 8.
Nbd2 Qd7 9. O-O O-O-O 10. Re1 f6 11. b4 Nf5 12. h3 Bxh3 13. gxh3 Nce7 14. Bf1
g5 15. Bg2 h5 16. Nf1 g4 17. N3h2 Rdg8 18. Qd3 g3 19. fxg3 Nxg3 20. Qf3 f5 21.
Bf4 Bxf4 22. Qxf4 Ne4 23. Ne3 Nxc3 24. Nf3 Kb8 25. Ne5 Qb5 26. Qf1 Qxf1+ 27.
Kxf1 f4 28. Nd1 Nb5 29. Nd7+ Kc8 30. Rxe7 Nxd4 31. Bxd5 Rg3 32. Nc5 c6 33. Be6+
Nxe6 34. Nxe6 Rxh3 35. Nf2 Rf3 36. Rd1 Rg3 37. Ne4 h4 38. Nd6+ Kb8 39. Rxb7+
1-0

[Event "4NCL Division 4 South"]
[Site "Telford, ENG"]
[Date "2018.02.11"]
[Round "6.55"]
[White "Sivarajasingam, Vaseekaran"]
[Black "Cook, John"]
[Result "0-1"]
[WhiteElo "1555"]
[BlackElo "1825"]
[PlyCount "82"]
[EventDate "2018.02.11"]

1. e4 c5 2. Nf3 Nc6 3. Bb5 g6 4. c3 Bg7 5. O-O Nf6 6. Re1 O-O 7. d4 d5 8. e5
Ne4 9. h3 a6 10. Bf1 b5 11. Bf4 Bb7 12. Nbd2 e6 13. Nxe4 dxe4 14. Ng5 cxd4 15.
cxd4 Qxd4 16. Qxd4 Nxd4 17. Rac1 Rac8 18. Rxc8 Rxc8 19. Nxe4 Nf5 20. Bd3 h6 21.
g4 Nh4 22. Re3 g5 23. Bg3 Rc1+ 24. Kh2 Ng6 25. f3 Nxe5 26. Be2 Nc4 27. Bxc4
Rxc4 28. Nd6 Rc2+ 29. Kg1 Bd4 30. Nxb7 Bxe3+ 31. Kf1 Bd4 32. a3 Bxb2 33. Bd6
Bd4 34. Bb4 Rf2+ 35. Kg1 Rxf3+ 36. Kg2 Rf2+ 37. Kg3 Rc2 38. Kf3 Bb2 39. Nd6
Bxa3 40. Bxa3 Rc3+ 41. Ke2 Rxa3 0-1

[Event "4NCL Division 4 South"]
[Site "Telford, ENG"]
[Date "2018.02.11"]
[Round "6.56"]
[White "Balaji, Musiri Lakshminaraya"]
[Black "Fraser, Susanna"]
[Result "0-1"]
[WhiteElo "1569"]
[BlackElo "1464"]
[PlyCount "60"]
[EventDate "2018.02.11"]

1. e4 e5 2. Nf3 Nc6 3. Bc4 Bc5 4. d3 h6 5. c3 Nf6 6. b4 Bb6 7. a4 a5 8. b5 Ne7
9. Nxe5 d5 10. exd5 Nexd5 11. Ba3 Be6 12. O-O Nd7 13. Nxd7 Qxd7 14. Qc1 O-O-O
15. Nd2 Nf4 16. Bxe6 Qxe6 17. Qc2 Qg4 18. g3 Nh3+ 19. Kg2 Nf4+ 20. Kh1 Nxd3 21.
f3 Qf5 22. Ne4 Rhe8 23. Rad1 Rxe4 24. Rxd3 Rxd3 25. Qxd3 Re5 26. Rd1 Re1+ 27.
Rxe1 Qxd3 28. Re8+ Kd7 29. Re7+ Kd8 30. Kg2 Qxc3 0-1

[Event "4NCL Division 4 South"]
[Site "Telford, ENG"]
[Date "2018.02.11"]
[Round "6.61"]
[White "Headlong, Timothy"]
[Black "Karamazondo, Ernest"]
[Result "1-0"]
[WhiteElo "2130"]
[BlackElo "1869"]
[PlyCount "105"]
[EventDate "2018.02.11"]

1. Nf3 Nf6 2. c4 c5 3. Nc3 Nc6 4. d4 cxd4 5. Nxd4 g6 6. e4 d6 7. Be2 Bg7 8. Be3
O-O 9. O-O Bd7 10. Qd2 Ng4 11. Bxg4 Bxg4 12. f3 Bd7 13. Rfd1 Ne5 14. b3 Re8 15.
Nd5 Rc8 16. Rac1 b6 17. a4 Bc6 18. Nb5 Qd7 19. Kh1 Rf8 20. Nd4 Ba8 21. a5 bxa5
22. Qxa5 f5 23. exf5 gxf5 24. Nf4 Qb7 25. Qd5+ Qxd5 26. cxd5 Bh6 27. Rxc8 Rxc8
28. Nxf5 Bf8 29. Bxa7 Rc3 30. h4 Ng6 31. Ne6 Kf7 32. Ng5+ Kf6 33. Bd4+ Kxf5 34.
g4+ Kf4 35. Bxc3 Nxh4 36. Ne6+ Kxf3 37. Nxf8 Kxg4 38. Rd4+ Kh5 39. Ne6 Nf5 40.
Rd3 Kg4 41. Be1 h5 42. Nc7 Bb7 43. Kh2 Kf4 44. Bf2 Ke5 45. b4 Ke4 46. Rd2 Kf3
47. b5 Nh6 48. b6 Ng4+ 49. Kg1 Ne5 50. Ra2 Ng4 51. Ra3+ Ke2 52. Bh4 Ne3 53. Ra7
1-0

[Event "4NCL Division 4 South"]
[Site "Telford, ENG"]
[Date "2018.02.11"]
[Round "6.62"]
[White "Vig, Sanjay"]
[Black "Tucker, David S"]
[Result "0-1"]
[WhiteElo "1615"]
[BlackElo "2020"]
[PlyCount "82"]
[EventDate "2018.02.11"]

1. e4 c5 2. Nc3 e6 3. Bc4 a6 4. a4 Nc6 5. f4 Qc7 6. d3 Nge7 7. Nf3 Nd4 8. O-O
Nec6 9. Be3 Be7 10. Ne2 Nxf3+ 11. Rxf3 d6 12. f5 Ne5 13. Rg3 Nxc4 14. dxc4 Bf6
15. c3 Bd7 16. Nf4 O-O-O 17. Nh5 Be5 18. Bf4 g6 19. Bxe5 dxe5 20. Nf6 Bc6 21.
Qg4 Qe7 22. Nd5 exd5 23. f6+ Qd7 24. Qxd7+ Bxd7 25. cxd5 Kc7 26. Kf2 h5 27. h4
Bg4 28. Ra3 Rd6 29. b4 Rxf6+ 30. Ke3 c4 31. b5 Rf1 32. Kd2 Rf2+ 33. Ke1 Re2+
34. Kf1 Rxe4 35. Ra2 f5 36. Rb2 f4 37. Rf3 Bxf3 38. gxf3 Re3 39. bxa6 bxa6 40.
Kf2 Rxc3 41. a5 Rb3 0-1

[Event "4NCL Division 4 South"]
[Site "Telford, ENG"]
[Date "2018.02.11"]
[Round "6.63"]
[White "Rabbitt, Michael"]
[Black "Gogna, Avi"]
[Result "1-0"]
[WhiteElo "2062"]
[BlackElo "1520"]
[PlyCount "51"]
[EventDate "2018.02.11"]

1. e4 c5 2. Nf3 e6 3. d4 cxd4 4. Nxd4 a6 5. g3 Qc7 6. Bg2 Nf6 7. O-O Be7 8. a4
O-O 9. Nc3 Nc6 10. Be3 b6 11. e5 Ne8 12. Nxc6 dxc6 13. Qd3 Bb7 14. Qe4 g6 15.
Bh6 Ng7 16. g4 Rfd8 17. Rfe1 Bc5 18. Qf3 Qe7 19. Ne4 Qf8 20. Nf6+ Kh8 21. Qh3
Be7 22. Qh4 b5 23. Re3 Rd2 24. Rh3 Re2 25. Bxg7+ Qxg7 26. Qxh7+ 1-0

[Event "4NCL Division 4 South"]
[Site "Telford, ENG"]
[Date "2018.02.11"]
[Round "6.64"]
[White "Gogna, Aman"]
[Black "Gorgun, Aliriza Atif"]
[Result "1/2-1/2"]
[WhiteElo "1431"]
[BlackElo "2005"]
[PlyCount "104"]
[EventDate "2018.02.11"]

1. d4 Nf6 2. Nf3 g6 3. c4 Bg7 4. g3 O-O 5. Bg2 d6 6. O-O Nbd7 7. Qc2 e5 8. Rd1
Qe7 9. Nc3 exd4 10. Nxd4 Ne5 11. Bg5 Be6 12. Ne4 Bxc4 13. Nxf6+ Bxf6 14. Bxf6
Qxf6 15. f4 Ng4 16. Qxc4 Ne3 17. Qxc7 Nxd1 18. Rxd1 Rab8 19. b3 Rfc8 20. Qa5 a6
21. a4 Qe7 22. Qd2 Qd7 23. Nf3 Qe6 24. Nd4 Qd7 25. Bd5 Rc5 26. Nf3 Rbc8 27. Ne5
dxe5 28. fxe5 Qe7 29. b4 Rc2 30. Qe3 Rb2 31. e6 f6 32. Bb3 Rc7 33. Rd7 Rxb3 34.
Qxb3 Rxd7 35. exd7+ Kg7 36. Qd3 Qd8 37. Qd5 b6 38. Qb7 Kf7 39. Qxa6 Qxd7 40.
Qxb6 Qxa4 41. b5 Qb4 42. Qc7+ Ke6 43. Qc6+ Ke7 44. Qc7+ Ke6 45. Qb6+ Kf7 46.
Qc7+ Ke6 47. Qc6+ Ke7 48. Qb7+ Ke6 49. Qc6+ Ke7 50. Qb7+ Ke6 51. Qc8+ Ke7 52.
Qc7+ Ke6 1/2-1/2

[Event "4NCL Division 4 South"]
[Site "Telford, ENG"]
[Date "2018.02.11"]
[Round "6.65"]
[White "Parker, Francis"]
[Black "Shah, Kian"]
[Result "0-1"]
[WhiteElo "1954"]
[BlackElo "1441"]
[PlyCount "86"]
[EventDate "2018.02.11"]

1. f4 d5 2. Nf3 e6 3. b3 Nf6 4. Bb2 c5 5. e3 Nc6 6. Be2 Be7 7. O-O O-O 8. d3 b6
9. h3 Bb7 10. Nbd2 Qc7 11. Qe1 Rfd8 12. Qf2 d4 13. e4 Qxf4 14. Kh1 Nh5 15. Rfe1
Ne5 16. Bc1 Ng6 17. Nf1 Bh4 18. Qg1 Ng3+ 19. Nxg3 Qxg3 20. Rf1 Be7 21. Bd2 Qc7
22. Rf2 e5 23. g3 b5 24. Raf1 f6 25. h4 c4 26. h5 Nf8 27. Bd1 Ne6 28. Nh4 Nc5
29. b4 cxd3 30. cxd3 Nxd3 31. Bb3+ Kf8 32. Re2 Bxb4 33. Bxb4+ Nxb4 34. Rc1 Qb6
35. Nf5 Rac8 36. Rxc8 Rxc8 37. Qg2 Rc1+ 38. Kh2 d3 39. Rd2 Re1 40. h6 g6 41.
Ng7 Bxe4 42. Ne6+ Ke7 43. Qf2 Rh1# 0-1

[Event "4NCL Division 4 South"]
[Site "Telford, ENG"]
[Date "2018.02.11"]
[Round "6.66"]
[White "Gurjar, Roshan"]
[Black "Bourne, Johnathan D"]
[Result "1-0"]
[WhiteElo "1241"]
[BlackElo "1957"]
[PlyCount "75"]
[EventDate "2018.02.11"]

1. e4 e5 2. Nf3 Nc6 3. Nc3 Nf6 4. Bb5 Nd4 5. Bc4 Bc5 6. O-O d6 7. h3 Be6 8.
Bxe6 fxe6 9. d3 Qd7 10. Be3 O-O-O 11. a4 Nxf3+ 12. Qxf3 Bxe3 13. Qxe3 Kb8 14.
f4 exf4 15. Rxf4 d5 16. exd5 exd5 17. Nb5 b6 18. Rb4 Rhe8 19. Qg3 a5 20. Rb3
Nh5 21. Qh2 Re2 22. Nd4 Re6 23. Nxe6 Qxe6 24. d4 Nf6 25. Qg3 Kb7 26. Re1 Qf5
27. Rc3 Rd7 28. Re5 Qg6 29. Qxg6 hxg6 30. Rg3 Ne4 31. Rxg6 c6 32. Rf5 Re7 33.
Re5 Rd7 34. Rge6 Kc7 35. Re7 Kd6 36. R5e6+ Kc7 37. Rxd7+ Kxd7 38. Rg6 1-0

[Event "4NCL Division 4 South"]
[Site "Telford, ENG"]
[Date "2018.02.11"]
[Round "6.71"]
[White "Jamroz, Krzysztof"]
[Black "Ogunshola, Ben"]
[Result "1-0"]
[WhiteElo "1962"]
[BlackElo "2133"]
[PlyCount "113"]
[EventDate "2018.02.11"]

1. e4 c5 2. Nf3 d6 3. c3 Nf6 4. Be2 Nbd7 5. Qc2 b6 6. d4 e6 7. O-O Bb7 8. e5
Nd5 9. dxc5 dxc5 10. a3 Qc7 11. Rd1 a6 12. c4 Ne7 13. Bf4 Nc6 14. Nc3 O-O-O 15.
Na4 Be7 16. Qb3 Na5 17. Qe3 Qc6 18. b3 g5 19. Bg3 h5 20. h4 Rhg8 21. b4 Qxa4
22. bxa5 Qc6 23. Ne1 gxh4 24. Bf3 Qc7 25. axb6 Nxb6 26. Rxd8+ Rxd8 27. Bxb7+
Qxb7 28. Bf4 Rd4 29. Rb1 Qc6 30. Bg5 Re4 31. Rxb6 Qxb6 32. Qxe4 Bxg5 33. Nf3
Bd8 34. Qh7 Qc7 35. Qxh5 Qe7 36. Qg4 Kb7 37. Qe4+ Kb6 38. Qb1+ Ka7 39. Qe4 Qb7
40. Qf4 Qe7 41. Kh2 Kb6 42. Kh3 Ka5 43. Qe3 Kb6 44. Nd2 Bc7 45. Nb3 Qf8 46. a4
a5 47. f4 Qe7 48. Qe1 Ka6 49. Qe4 Ka7 50. Qc6 50... Bb6 $11 51. Qb5 f5 52. exf6
Qxf6 53. Qd7+ Kb8 54. Qd2 Bc7 55. Kg4 Qf5+ 56. Kxh4 Kc8 57. g4 1-0

[Event "4NCL Division 4 South"]
[Site "Telford, ENG"]
[Date "2018.02.11"]
[Round "6.72"]
[White "Froom, Oliver"]
[Black "Tombolis, Christopher"]
[Result "1/2-1/2"]
[WhiteElo "1962"]
[BlackElo "1844"]
[PlyCount "96"]
[EventDate "2018.02.11"]

1. e4 c5 2. Nc3 Nc6 3. g3 g6 4. Bg2 Bg7 5. d3 d6 6. Be3 e5 7. Nge2 Nge7 8. Qd2
O-O 9. Bh6 Nd4 10. Bxg7 Kxg7 11. O-O f5 12. f4 Nec6 13. Nd5 Nxe2+ 14. Qxe2 Nd4
15. Qd2 Be6 16. c3 Nc6 17. Rae1 Qd7 18. Rf2 Rae8 19. a3 Bxd5 20. exd5 Nd8 21.
Rfe2 Nf7 22. Bh3 b5 23. b4 cxb4 24. axb4 Qb7 25. Bg2 Qc8 26. Rc1 exf4 27. gxf4
Rxe2 28. Qxe2 Re8 29. Qf2 Re7 30. c4 bxc4 31. dxc4 Nh6 32. h3 Ng8 33. c5 Nf6
34. Qb2 34... Rc7 $11 35. c6 Re7 36. Qd4 Kf7 37. Ra1 Qb8 38. Kh2 h5 39. Rb1 Qb5
40. Ra1 Qb8 41. Ra5 h4 42. b5 Rc7 43. Qb4 Qb6 44. Ra3 44... Ne8 $11 45. Ra1 Re7
46. Re1 Qf2 47. Rxe7+ Kxe7 48. Kh1 Qe3 1/2-1/2

[Event "4NCL Division 4 South"]
[Site "Telford, ENG"]
[Date "2018.02.11"]
[Round "6.73"]
[White "Metcalfe, Charlie P"]
[Black "Green, George D A"]
[Result "1/2-1/2"]
[WhiteElo "1752"]
[BlackElo "1870"]
[PlyCount "58"]
[EventDate "2018.02.11"]

1. d4 d5 2. Nf3 e6 3. c4 Nf6 4. Nc3 Nbd7 5. cxd5 exd5 6. Bg5 c6 7. e3 Be7 8.
Bd3 O-O 9. O-O Re8 10. Qc2 h6 11. Bh4 Ne4 12. Bxe7 Qxe7 13. Rae1 Nf8 14. Nd2
Bf5 15. Nb3 Qg5 16. Kh1 Qg6 17. Nc5 b6 18. N5xe4 dxe4 19. Bc4 Ne6 20. d5 cxd5
21. Bxd5 Rac8 22. Qa4 Nc5 23. Qxa7 Nd3 24. Rb1 Qf6 25. Kg1 Re7 26. Qa6 Qg6 27.
Kh1 Qf6 28. Kg1 Qg6 29. Kh1 Qf6 1/2-1/2

[Event "4NCL Division 4 South"]
[Site "Telford, ENG"]
[Date "2018.02.11"]
[Round "6.74"]
[White "Fernando, Manel"]
[Black "Dias, Savin"]
[Result "0-1"]
[WhiteElo "1529"]
[BlackElo "1721"]
[PlyCount "120"]
[EventDate "2018.02.11"]

1. d4 Nf6 2. Nf3 e6 3. Bf4 d5 4. e3 c5 5. c3 Nc6 6. Bd3 c4 7. Bc2 b5 8. a3 Be7
9. Nbd2 O-O 10. O-O Bb7 11. Qe2 h6 12. e4 dxe4 13. Nxe4 Nd5 14. Bd2 Qc7 15. Ng3
Nf6 16. Rae1 Bd6 17. Ne5 Ne7 18. Nh5 Ned5 19. Nxf6+ Nxf6 20. Qe3 Rad8 21. f4
Nd5 22. Qh3 f5 23. Bb1 Rf6 24. Rf3 Kh8 25. Rg3 Ne7 26. Qh5 Nc6 27. Ng6+ Kh7 28.
Ne5 Bxe5 29. fxe5 Qf7 30. Qh4 Rg6 31. Qh5 Rf8 32. Rxg6 Qxg6 33. Qh3 Ne7 34. Rf1
Kh8 35. Rf4 Qh7 36. g4 Qg6 37. Qg3 Qe8 38. h3 fxg4 39. Rxf8+ Qxf8 40. Qxg4 Bf3
41. Qg3 Bd5 42. Bc2 Qf7 43. Bd1 Qf5 44. Bc1 Qb1 45. Qe3 Qg6+ 46. Kf2 Qg2+ 47.
Ke1 Nf5 48. Qf2 Qxh3 49. Bc2 Kg8 50. Bxf5 Qxf5 51. Qe3 Qe4 52. Qxe4 Bxe4 53.
Kf2 g5 54. Kg3 Kg7 55. Be3 Kg6 56. Bc1 h5 57. Be3 h4+ 58. Kh2 a6 59. Bf2 Kh5
60. Be3 g4 0-1

[Event "4NCL Division 4 South"]
[Site "Telford, ENG"]
[Date "2018.02.11"]
[Round "6.75"]
[White "Jamroz, Viktor"]
[Black "Sloan, Hamish"]
[Result "1-0"]
[WhiteElo "1740"]
[BlackElo "1520"]
[PlyCount "133"]
[EventDate "2018.02.11"]

1. e4 c5 2. Nf3 d6 3. c3 e6 4. Be2 Nc6 5. d4 d5 6. e5 c4 7. b3 b5 8. a4 Na5 9.
Nbd2 Bd7 10. axb5 Bxb5 11. bxc4 dxc4 12. O-O Ne7 13. Ba3 Nd5 14. Qc1 Nf4 15.
Re1 Nxe2+ 16. Rxe2 a6 17. Bxf8 Rxf8 18. Qa3 Nb3 19. Nxb3 cxb3 20. Rb2 Bc4 21.
Nd2 Qd5 22. Nxc4 Qxc4 23. Rxb3 Qc6 24. Kf1 Kd7 25. Qa4 Rfc8 26. Ke2 Kc7 27.
Qxc6+ Kxc6 28. Kd3 Kd7 29. c4 Rc7 30. Kc3 Rac8 31. Rb4 Rc6 32. c5 Kc7 33. Rab1
Kd7 34. Rb6 Rxb6 35. Rxb6 Rc6 36. Rb7+ Ke8 37. Kb4 Rc8 38. Ra7 Rb8+ 39. Kc3 Rb1
40. Rxa6 Rc1+ 41. Kd2 Rc4 42. Kd3 Rc1 43. Ra8+ Ke7 44. Ra7+ Ke8 45. g3 h5 46.
h4 g6 47. Ra2 Kd7 48. Ra7+ Ke8 49. Ke3 Rc2 50. Ra6 Kd7 51. Rd6+ Kc7 52. f3 Rc3+
53. Kf4 Rd3 54. g4 hxg4 55. fxg4 Rh3 56. Kg5 Rh1 57. h5 gxh5 58. gxh5 Rf1 59.
Kh6 Rg1 60. Kh7 Rg5 61. h6 Rg4 62. Kh8 Rg6 63. h7 Rg1 64. Ra6 Kd7 65. Ra7+ Ke8
66. Ra8+ Kd7 67. Rg8 1-0

[Event "4NCL Division 4 South"]
[Site "Telford, ENG"]
[Date "2018.02.11"]
[Round "6.76"]
[White "Faizi, Tariq"]
[Black "Johnson, Elizabeth"]
[Result "1/2-1/2"]
[WhiteElo "1456"]
[BlackElo "1368"]
[PlyCount "74"]
[EventDate "2018.02.11"]

1. e4 c6 2. Nc3 d5 3. exd5 cxd5 4. d4 Nf6 5. Nf3 Bg4 6. Be2 Nc6 7. O-O e6 8.
Bf4 Bd6 9. Bxd6 Qxd6 10. Re1 O-O 11. Ne5 Bxe2 12. Rxe2 a6 13. a3 Nd7 14. Nxd7
Qxd7 15. Re3 Ne7 16. Rh3 Ng6 17. Qh5 h6 18. Ne2 Qc7 19. c3 Nf4 20. Nxf4 Qxf4
21. Rg3 Kh7 22. Qe2 Rae8 23. Rg4 Qc7 24. f4 f5 25. Rh4 Qe7 26. Rh5 Qc7 27. Rf1
Qf7 28. Rh4 Qf6 29. Qe1 g5 30. fxg5 Qxg5 31. Rf3 Rg8 32. Rg3 Qxh4 33. Rg7+ Rxg7
34. Qxh4 Rg5 35. Qf4 Rg7 36. Kf2 Ree7 37. h3 Rg6 1/2-1/2

[Event "4NCL Division 4 South"]
[Site "Telford, ENG"]
[Date "2018.02.11"]
[Round "6.81"]
[White "Ireland, David J"]
[Black "Fowler, Hugo"]
[Result "1-0"]
[WhiteElo "1997"]
[BlackElo "1921"]
[PlyCount "95"]
[EventDate "2018.02.11"]

1. d4 Nf6 2. Nf3 g6 3. Nc3 d5 4. Bf4 Bg7 5. e3 O-O 6. Be2 c5 7. O-O Nc6 8. Ne5
a6 9. Nxc6 bxc6 10. Be5 Nd7 11. Bxg7 Kxg7 12. dxc5 Qa5 13. e4 e6 14. exd5 cxd5
15. Qd4+ Kg8 16. b4 Qc7 17. f4 Bb7 18. Bf3 a5 19. a3 axb4 20. axb4 Rxa1 21.
Rxa1 Ra8 22. Rxa8+ Bxa8 23. Nb5 Qc6 24. c4 Qb7 25. h3 h6 26. Qa1 Kh7 27. Qa5
Nb8 28. cxd5 exd5 29. Nd4 Na6 30. Nb5 Nb8 31. Nd6 Qc6 32. Nxf7 Kg7 33. Qa7 Qb7
34. Qxb7 Bxb7 35. Nd6 Ba8 36. b5 Kf6 37. Kf2 Ke6 38. Ke3 Nd7 39. Kd4 h5 40. g4
h4 41. g5 Nf8 42. Bg4+ Ke7 43. Nc8+ Kd8 44. Nb6 Bb7 45. c6 Bxc6 46. bxc6 Kc7
47. Kc5 d4 48. Nd5+ 1-0

[Event "4NCL Division 4 South"]
[Site "Telford, ENG"]
[Date "2018.02.11"]
[Round "6.82"]
[White "Staniforth, Matthew"]
[Black "Pink, Joshua"]
[Result "0-1"]
[WhiteElo "1880"]
[BlackElo "2050"]
[PlyCount "86"]
[EventDate "2018.02.11"]

1. e4 d6 2. d4 f5 3. Nc3 Nf6 4. Bd3 Nc6 5. d5 Ne5 6. exf5 Nxd3+ 7. Qxd3 Qd7 8.
Nb5 c6 9. dxc6 bxc6 10. Nd4 Nd5 11. Bd2 Nc7 12. Nge2 c5 13. Ne6 Nxe6 14. fxe6
Qxe6 15. O-O Qf5 16. Qg3 Qg4 17. Nf4 Qxg3 18. hxg3 e5 19. Nd5 Kd7 20. c4 Kc6
21. f4 Be6 22. Ne3 g6 23. Bc3 Bg7 24. Rad1 exf4 25. Bxg7 Rhg8 26. Rxf4 Rxg7 27.
Rf6 Re8 28. Nd5 Rf7 29. Re1 Bxd5 30. cxd5+ Kb5 31. Rfe6 Rxe6 32. Rxe6 Rd7 33.
b3 c4 34. Re3 cxb3 35. axb3 Kc5 36. Rd3 Rf7 37. g4 a5 38. Kh2 h5 39. gxh5 gxh5
40. Kg3 Rf5 41. Kh4 Rxd5 42. Rxd5+ Kxd5 43. Kxh5 Ke4 0-1

[Event "4NCL Division 4 South"]
[Site "Telford, ENG"]
[Date "2018.02.11"]
[Round "6.83"]
[White "Nwachukwu, Chino"]
[Black "Eckert, Jonathan"]
[Result "1-0"]
[WhiteElo "1915"]
[BlackElo "1840"]
[PlyCount "83"]
[EventDate "2018.02.11"]

1. e4 e5 2. Nf3 Nc6 3. Bc4 Nf6 4. d3 Bc5 5. O-O d6 6. h3 O-O 7. c3 Bb6 8. Nbd2
a6 9. Re1 Na5 10. Bb3 Nxb3 11. axb3 Be6 12. Nc4 Ba7 13. Bg5 h6 14. Bh4 g5 15.
Nxg5 hxg5 16. Bxg5 Bxf2+ 17. Kh1 Bxe1 18. Qf3 Kg7 19. Rxe1 Kg6 20. h4 Bg4 21.
Qf1 Qe7 22. Ne3 Qe6 23. Bxf6 Qxf6 24. Qxf6+ Kxf6 25. Nxg4+ Ke6 26. Ne3 Rh8 27.
g3 Rag8 28. Kh2 c6 29. Rf1 d5 30. Kh3 dxe4 31. dxe4 Rd8 32. g4 Rd3 33. Rf3 Rhd8
34. g5 Rd2 35. h5 R8d3 36. Kg4 Rh2 37. h6 Rdd2 38. Rf6+ Ke7 39. Nf5+ Kf8 40.
Nh4 Rde2 41. Kg3 Rh1 42. h7 1-0

[Event "4NCL Division 4 South"]
[Site "Telford, ENG"]
[Date "2018.02.11"]
[Round "6.84"]
[White "Hurley, Jake"]
[Black "Smith, Richard W"]
[Result "1-0"]
[WhiteElo "1698"]
[BlackElo "1967"]
[PlyCount "41"]
[EventDate "2018.02.11"]

1. e4 e5 2. Nf3 Nc6 3. Bc4 Nf6 4. Ng5 d5 5. exd5 b5 6. Bf1 Nd4 7. c3 Nxd5 8.
cxd4 Qxg5 9. Bxb5+ Kd8 10. Qf3 Bb7 11. dxe5 Qxe5+ 12. Kd1 Bc5 13. Qxf7 Nf6 14.
Re1 Qg5 15. d4 Qg4+ 16. f3 Qxd4+ 17. Kc2 Bd6 18. Qxg7 Rf8 19. Bg5 c6 20. Nc3
cxb5 21. Rad1 1-0

[Event "4NCL Division 4 South"]
[Site "Telford, ENG"]
[Date "2018.02.11"]
[Round "6.85"]
[White "Goodwin, Ed H"]
[Black "Davies, Merlin"]
[Result "1-0"]
[WhiteElo "1840"]
[BlackElo "1592"]
[PlyCount "97"]
[EventDate "2018.02.11"]

1. d4 d5 2. Bf4 Nc6 3. Nf3 Nf6 4. e3 Bg4 5. Be2 Bxf3 6. Bxf3 g6 7. Nd2 Bg7 8.
O-O O-O 9. c4 Re8 10. cxd5 Nxd5 11. Bxd5 Qxd5 12. Bxc7 e5 13. dxe5 Bxe5 14.
Bxe5 Nxe5 15. Nf3 Qxd1 16. Rfxd1 Nxf3+ 17. gxf3 Rad8 18. Rac1 Rxd1+ 19. Rxd1
Re5 20. Rd7 Rg5+ 21. Kh1 Rb5 22. b3 Ra5 23. Rxb7 Rxa2 24. Kg2 a5 25. f4 Rb2 26.
Rb5 Kg7 27. f5 gxf5 28. Rxf5 Rxb3 29. Rxa5 Kg6 30. Kg3 Rb4 31. Rd5 Re4 32. Rd3
f5 33. f3 Ra4 34. Rd4 Ra5 35. h3 Re5 36. Kf4 Re6 37. Rd5 h6 38. Ra5 Rf6 39. Rd5
Re6 40. h4 Rf6 41. h5+ Kxh5 42. Rxf5+ Rxf5+ 43. Kxf5 Kh4 44. Kg6 h5 45. e4 Kg3
46. Kxh5 Kf4 47. Kg6 Ke5 48. Kf7 Kd6 49. f4 1-0

[Event "4NCL Division 4 South"]
[Site "Telford, ENG"]
[Date "2018.02.11"]
[Round "6.86"]
[White "Fowler, Caspian"]
[Black "Woolgar, Steven G"]
[Result "1-0"]
[WhiteElo "1458"]
[BlackElo "1780"]
[PlyCount "61"]
[EventDate "2018.02.11"]

1. e4 c5 2. c3 d5 3. exd5 Qxd5 4. d4 Nf6 5. Nf3 Bg4 6. Be2 e6 7. Be3 Be7 8. O-O
O-O 9. h3 Bh5 10. Re1 Nbd7 11. Nbd2 Qc6 12. Ne5 Nxe5 13. dxe5 Bxe2 14. Qxe2 Nd5
15. Qf3 Rac8 16. Qg3 Nxe3 17. Rxe3 f5 18. exf6 Rxf6 19. Rae1 Rcf8 20. Nf3 Bd6
21. Qh4 Bf4 22. R3e2 $11 22... Rg6 23. Re4 Bc7 24. Ng5 Rh6 25. Qg4 e5 26. Rxe5
Rhf6 27. Re6 Qd5 28. Rxf6 Rxf6 29. Re8+ Rf8 30. Ne6 Bh2+ 31. Kh1 1-0

[Event "4NCL Division 4 South"]
[Site "Telford, ENG"]
[Date "2018.02.11"]
[Round "6.91"]
[White "Redman, David J"]
[Black "Makkar, Rajat"]
[Result "1-0"]
[WhiteElo "1971"]
[BlackElo "1797"]
[PlyCount "97"]
[EventDate "2018.02.11"]

1. d4 Nf6 2. c4 c5 3. d5 e6 4. Nc3 exd5 5. cxd5 d6 6. e4 g6 7. Bd3 Bg7 8. Nge2
O-O 9. O-O a6 10. a4 Re8 11. Ng3 Nbd7 12. f4 h5 13. h3 h4 14. Nh1 c4 15. Bc2
Rb8 16. a5 b5 17. axb6 Qxb6+ 18. Kh2 Nc5 19. Be3 Qxb2 20. Bd4 Nfxe4 21. Rb1
Nxc3 22. Bxc3 Bxc3 23. Rxb2 Rxb2 24. Nf2 f5 25. Qc1 Re2 26. Bd1 Rxf2 27. Rxf2
Rxf2 28. Qxc3 Ne4 29. Qxc4 Bb7 30. Qc7 Bxd5 31. Bf3 Bf7 32. Qd8+ Kg7 33. Qxh4
Rf1 34. Qe7 d5 35. Be2 Rc1 36. Bxa6 Rc6 37. Bb7 37... Re6 $11 38. Qc7 d4 39.
Bd5 Rf6 40. g4 g5 41. gxf5 Nd6 42. fxg5 Rxf5 43. Qxd6 Bxd5 44. Qh6+ Kf7 45. g6+
Kf6 46. g7+ Ke7 47. Qh4+ Kd6 48. Qd8+ Kc5 49. Qc8+ 1-0

[Event "4NCL Division 4 South"]
[Site "Telford, ENG"]
[Date "2018.02.11"]
[Round "6.92"]
[White "Homolka, Vincent"]
[Black "McCorry, Robert T"]
[Result "0-1"]
[WhiteElo "1781"]
[BlackElo "2004"]
[PlyCount "72"]
[EventDate "2018.02.11"]

1. e4 c6 2. d4 d5 3. Nc3 dxe4 4. Nxe4 Bf5 5. Ng3 Bg6 6. N1e2 e6 7. Nf4 Bd6 8.
c3 Qc7 9. Qf3 Nf6 10. Bd3 Nbd7 11. Nxg6 hxg6 12. Bg5 Qa5 13. Bxf6 Nxf6 14. h3
O-O-O 15. O-O g5 16. Ne4 g4 17. Nxd6+ Rxd6 18. hxg4 Qg5 19. Qg3 Nxg4 20. Rfe1
Qh6 21. Kf1 Qd2 22. Kg1 Nxf2 23. Qxf2 Rh1+ 24. Kxh1 Qxf2 25. Re2 Qg3 26. Be4
Rd8 27. Rae1 Rh8+ 28. Kg1 Rh4 29. Bf3 g5 30. Re3 Rf4 31. R1e2 Qh4 32. Be4 Qh8
33. Rh3 Qf6 34. Rf3 g4 35. Rxf4 Qxf4 36. Bd3 g3 0-1

[Event "4NCL Division 4 South"]
[Site "Telford, ENG"]
[Date "2018.02.11"]
[Round "6.93"]
[White "McMahon, Paul"]
[Black "Cresswell, Mike J"]
[Result "1-0"]
[WhiteElo "1964"]
[BlackElo "1706"]
[PlyCount "91"]
[EventDate "2018.02.11"]

1. e4 Nf6 2. Nc3 d5 3. exd5 Nxd5 4. Bc4 e6 5. Nf3 Nf6 6. O-O Be7 7. d4 O-O 8.
Bf4 a6 9. Qe2 Re8 10. Rad1 Nbd7 11. Bxe6 Bd6 12. Bxf7+ Kxf7 13. Ng5+ Kf8 14.
Bxd6+ cxd6 15. Ne6+ Rxe6 16. Qxe6 Nb6 17. Qe2 Bf5 18. f3 d5 19. Rde1 Qd7 20.
Nd1 Re8 21. Qd2 Nc4 22. Rxe8+ Nxe8 23. Qf4 Kg8 24. b3 Ncd6 25. Ne3 Nf6 26. Qe5
Be6 27. Re1 Nf7 28. Qb8+ Qc8 29. Qxc8+ Bxc8 30. Nxd5 Kf8 31. Nb6 Bf5 32. c4 Nd7
33. Nd5 Nd8 34. Kf2 Nc6 35. Ke3 Be6 36. Nc3 Nb4 37. Re2 Bf5 38. Ne4 Nf6 39. a3
Nc6 40. Nd6 Bd7 41. Nxb7 Ne8 42. Nc5 Bc8 43. d5 Ne5 44. Kd4 Nd7 45. Ne6+ Kf7
46. Ng5+ 1-0

[Event "4NCL Division 4 South"]
[Site "Telford, ENG"]
[Date "2018.02.11"]
[Round "6.94"]
[White "Saidmurodov, Shahjahon"]
[Black "Sahinoz, Giulio O"]
[Result "1/2-1/2"]
[WhiteElo "1633"]
[BlackElo "1832"]
[PlyCount "117"]
[EventDate "2018.02.11"]

1. e4 c5 2. Nf3 d6 3. c3 Nf6 4. d3 e6 5. g3 Be7 6. Bg2 O-O 7. O-O Nc6 8. Nbd2
Qc7 9. Ne1 d5 10. f4 dxe4 11. dxe4 Rd8 12. g4 g6 13. Qf3 b5 14. e5 Nd5 15. Ne4
Bb7 16. g5 c4 17. Qh3 Nb8 18. Nf6+ Nxf6 19. Bxb7 Bc5+ 20. Be3 Bxe3+ 21. Qxe3
Nd5 22. Bxd5 Rxd5 23. Nf3 Nc6 24. Nd2 Rd3 25. Qe2 Qb6+ 26. Kh1 Rad8 27. Ne4 Ne7
28. Rad1 Nf5 29. Rxd3 cxd3 30. Qd2 Qc6 31. Re1 Nh4 32. Re3 Nf3 33. Rxf3 Qxe4
34. Kg2 a5 35. a3 b4 36. axb4 axb4 37. cxb4 Rb8 38. Qxd3 Qxb4 39. Rf2 Kg7 40.
Qc3 Qe4+ 41. Qf3 Qb1 42. Qe2 Rb3 43. Qc2 Qa2 44. Qc4 Rg3+ 45. hxg3 Qxc4 46. Rd2
Qe4+ 47. Kh2 Kf8 48. Rd6 Qb4 49. Rd8+ Ke7 50. Rd6 Qxb2+ 51. Kh3 Qb8 52. Kg4
Qxd6 53. exd6+ Kxd6 54. Kf3 e5 55. fxe5+ Kxe5 56. g4 f5 57. gxf6 Kxf6 58. Kf4
h6 59. g5+ 1/2-1/2